New earths : transforming other planets for humanity /

Bibliographic Details
Main Author: Oberg, James E., 1944-
Format: Book
Language:English
Published: Harrisburg, Pa. : Stackpole Books, [1981]
Subjects:

MARC

Tag First Indicator Second Indicator Subfields
LEADER 00000pam a2200000 a 4500
001 in00000072805
005 20151008054631.0
008 810520s1981 pauaf b 00110 eng
010 |a  81008798  
020 |a 0811710076 :  |c $16.95 
035 |a (OCoLC)07573454 
035 |9 AAJ1226AM 
039 0 |a 2  |b 3  |c 3  |d 3  |e 3 
040 |a DLC  |c DLC  |d TXA  |d UtOrBLW 
049 |a TXAM  |c [932925] 
050 0 0 |a TL795.7  |b .O24 1981 
082 0 |a 620.8/5/0999  |2 19 
100 1 |a Oberg, James E.,  |d 1944- 
245 1 0 |a New earths :  |b transforming other planets for humanity /  |c James Edward Oberg. 
264 1 |a Harrisburg, Pa. :  |b Stackpole Books,  |c [1981] 
264 4 |c ©1981 
300 |a 283 pages, 4 unnumbered pages of plates :  |b illustrations ;  |c 24 cm. 
336 |a text  |b txt  |2 rdacontent 
337 |a unmediated  |b n  |2 rdamedia 
338 |a volume  |b nc  |2 rdacarrier 
500 |a Includes index. 
504 |a Bibliography: pages [273]-277. 
650 0 |a Planets  |x Environmental engineering. 
650 0 |a Space colonies. 
999 |a MARS 
999 f f |s 5be602d7-f145-317a-a29a-1ec43d0b1bc6  |i 2b5fdb19-36b9-3130-b940-a0c058a47ade  |t 0 
952 f f |p ric  |a Texas A&M University  |b Rellis Campus  |c Joint Library Facility  |d Remote Storage  |t 0  |e TL795.7 .O24 1981  |h Library of Congress classification  |i unmediated -- volume  |m A14806254353 
998 f f |a TL795.7 .O24 1981  |t 0  |l Remote Storage